[Event "Cancun Camara Cup 11th"]
[Site "Cancun"]
[Date "2023.10.11"]
[Round "1"]
[White "Esquivel Nateras, Virgilio"]
[Black "Diaz Rosas, Julio Cesar"]
[Result "0-1"]
[WhiteElo "1917"]
[BlackElo "2337"]
[PlyCount "112"]
[EventDate "2023.10.11"]
[EventType "swiss"]
[EventRounds "9"]
[EventCountry "MEX"]
[SourceTitle "Mega2024 Update 01"]
[Source "Chessbase"]
[SourceDate "2023.11.12"]
[SourceVersion "1"]
[SourceVersionDate "2023.11.12"]
[SourceQuality "1"]

1. d4 Nf6 2. Nc3 d5 3. Bg5 Nbd7 4. Qd3 h6 5. Bh4 c5 6. dxc5 e6 7. 0-0-0 Nxc5 8. Qd4 Bd7 9. e4 Ncxe4 10. Nxe4 dxe4 11. Bxf6 gxf6 12. Qxe4 Qc7 13. Nf3 Bc5 14. Qh4 Be7 15. Qd4 a6 16. Bd3 0-0-0 17. Rhe1 Kb8 18. Qc4 Qa5 19. Kb1 Rc8 20. Qh4 Rc7 21. Nd2 Bc6 22. f3 Rg8 23. g4 Qg5 24. Qg3 h5 25. h4 Qg7 26. Be2 hxg4 27. fxg4 f5 28. g5 f6 29. Bf3 f4 30. Qxf4 fxg5 31. Qg4 gxh4 32. Qxe6 Bf6 33. c3 Re8 34. Qh3 Rxe1 35. Rxe1 Bd7 36. Qh2 Bf5+ 37. Be4 Bc8 38. Bh1 h3 39. Rg1 Qe7 40. Ka1 Be5 41. Qe2 Qf6 42. Ne4 Qb6 43. Re1 h2 44. Nd2 Bg3 45. Rf1 Bh3 46. Rb1 Qg6 47. Ne4 Bf5 48. Qe3 Be5 49. Re1 Re7 50. Qf2 Bxe4 51. Bxe4 Bg3 52. Qf8+ Qe8 53. Qf3 Bxe1 54. Bd5 Qh8 55. a4 Bxc3 56. bxc3 h1Q+ 0-1